书目信息 |
| 题名: |
河北省苹果志
|
|
| 作者: | 河北省农科院 主编 | |
| 分册: | 第三卷 河北省果树志 | |
| 出版信息: | 北京 农业出版社 1986.6 |
|
| 页数: | 703页 | |
| 开本: | 26cm | |
| 丛书名: | ||
| 单 册: | ||
| 中图分类: | S601.9222 | |
| 科图分类: | ||
| 主题词: | ||
| 电子资源: | ||
| ISBN: | ||
| 000 | 00588nam0 2200193 45 | |
| 001 | 0181011876 | |
| 005 | 20061123164410.85 | |
| 010 | @b精装@dCNY55.00 | |
| 100 | @a20810111d km y0chiy0120 ea | |
| 101 | 0 | @achi |
| 105 | @a z 000yy | |
| 200 | 1 | @a河北省苹果志@Ahe bei sheng ping guo zhi@f河北省农科院主编@Fhe bei sheng nong ke yuan@i河北省果树志@h第三卷 |
| 210 | @a北京@c农业出版社@d1986.6 | |
| 215 | @a703页@d26cm | |
| 517 | 1 | @a河北省果树志@Ahe bei sheng guo shu zhi |
| 690 | @aS601.9222 | |
| 701 | 0 | @a河北省农科院@4主编 |
| 801 | @aCN@bTSTC@c20061123 | |
| 905 | @dS601.9222@e49:3 | |
| 河北省苹果志/河北省农科院主编.河北省果树志.第三卷.-北京:农业出版社,1986.6 |
| 703页;26cm |
| ISBN (精装):CNY55.00 |
| ● |
| 相关链接 |
|
|
|
|
正题名:河北省苹果志
索取号:S601.9222/49:3
 
预约/预借
| 序号 | 登录号 | 条形码 | 馆藏地/架位号 | 状态 | 备注 |
| 1 | 0251569 | 000718487 | 第二样本阅览室/ [索取号:S601.9222/49:3] | 在馆 |